000 00918nam a2200253Ia 4500
003 GCL
008 140319s9999 xx 000 0 ara d
040 _aGCL /
_cGCL
082 0 4 _a330.9
_bا ت
100 1 _aاحمد عبدالونيس على شتا
245 1 0 _aتطوير المجلس الاقتصادى و الاجتماعى لمنظمة الامم المتحدة /
_cاحمد عبدالونيس على شتا
700 1 _aعزالدين فودة (تقديم)
260 _a[S.N] :
_bالهيئة المصرية العامة للكتاب ،
_c1989
300 _a462 ص
490 _a
650 0 4 _aالاقتصاد
650 0 4 _aالتنمية الاجتماعية
650 0 4 _aالاحوال الاقتصادية
650 0 4 _aالتنمية الاقتصادية
650 0 4 _aالاجتماع
650 0 4 _aالتنمية
650 0 4 _aمنظمة الامم المتحدة
942 _2ddc
_cBK
999 _c28509
_d28509